Uplatnenie podnikateľských stratégií podľa Portera a Mintzberga v praxi
Príspevok je zameraný na využívanie a uplatnenie základných generických podnikateľských stratégií v praxi. Boli vybrané dve základné typológie podnikateľských stratégií - podľa M. Portera a M. Mintzberga. Dotazníkovou metódou sa zisťovalo uplatnenie teoreticky vymedzených stratégií v podnikateľskej...
Na minha lista:
| Autor principal: | |
|---|---|
| Formato: | Capítulo de Livro |
| Idioma: | eslovaco |
| Assuntos: | |
| Tags: |
Sem tags, seja o primeiro a adicionar uma tag!
|
MARC
| LEADER | 00000naa$a2200000$$$4500 | ||
|---|---|---|---|
| 001 | 0145639 | ||
| 005 | 20240502072627.5 | ||
| 041 | 0 | |a slo | |
| 044 | |a SK | ||
| 245 | 1 | 0 | |a Uplatnenie podnikateľských stratégií podľa Portera a Mintzberga v praxi |c Katarína Priečková |
| 520 | |a Príspevok je zameraný na využívanie a uplatnenie základných generických podnikateľských stratégií v praxi. Boli vybrané dve základné typológie podnikateľských stratégií - podľa M. Portera a M. Mintzberga. Dotazníkovou metódou sa zisťovalo uplatnenie teoreticky vymedzených stratégií v podnikateľskej praxi, pričom výskumná vzorka bola tvorená 330 podnikmi pôsobiacimi na Slovensku. | ||
| 610 | 2 | 0 | |a podnik |
| 610 | 2 | 0 | |a stratégia podnikateľská |
| 610 | 2 | 0 | |a teória a prax |
| 610 | 2 | 0 | |a Slovensko |
| 100 | 1 | |a Priečková, Katarína, 1983- | |